Biotechnologická príprava polynenasýtených mastných kyselín a pigmentov polosuchými kultiváciami

Na minha lista:
Detalhes bibliográficos
Autor principal: Gouthová, Lucia
Formato: Software Livro
Idioma:eslovaco
Publicado em: Bratislava STU FCHPT 2011
Acesso em linha:View in OPAC
Tags: Adicionar Tag
Sem tags, seja o primeiro a adicionar uma tag!

MARC

LEADER 00000nam a2200000 a 4500
005 20260127134321.0
007 co ugu
008 110713 2011 xo 000 0 slo d
035 |a vtls010292021 
039 9 |y 201107131122  |z mschk03 
040 |a STUSCHK1  |b slo  |c STUSCHK1  |e AACR2 
100 1 |a Gouthová, Lucia 
245 1 |a Biotechnologická príprava polynenasýtených mastných kyselín a pigmentov polosuchými kultiváciami  |c Lucia Gouthová 
260 |a Bratislava  |b STU FCHPT  |c 2011 
300 |a 1 elektronický disk 
500 |a Obháj.: 6.6. 2011 
500 |a Študijný program: biotechnológia 
500 |a Študijný odbor: 5.2.25 biotechnológie 
500 |a Miesto vypracovania: Oddelenie biochemickej technológie, FCHPT 
500 |a Evidenčné číslo: FCHPT-5421-40179 
500 |a Diplomová práca na CD-ROMe 
910 |a SCHK95 
999 |c 9623  |d 9623